Rio grande de la Magdalena : (Registro nro. 3985)
[ vista simple ]
| 000 -CABECERA | |
|---|---|
| Campo de control | 01201cam a2200301 a 4500 |
| 005 - FECHA Y HORA DE LA ULTIMA TRANSACCION | |
| Campo de control | 20191224041721.0 |
| 008 - ELEMENTOS DE LONGITUD FIJA—INFORMACION GENERAL | |
| Campo de control | 040316s2003 ck ab r 00010dspa d |
| 020 ## - ISBN | |
| ISBN | 9589674941 |
| 040 ## - FUENTE DE CATALOGACIÓN | |
| Agencia catalogadora original | la |
| Agencia transcriptora | la |
| Agencia Modificadora | CO-BoIAVH |
| 041 0# - IDIOMA | |
| Código de idioma para texto/pista de sonido o título separado | Español |
| 044 ## - PAÍS DE PUBLICACIÓN | |
| País de publicación | Colombia |
| 082 04 - NUMERO DE CLASIFICACION DECIMAL DEWEY | |
| Número de clasificación | 918.6 |
| Número del ítem | C17r |
| 100 1# - ASIENTO PRINCIPAL--NOMBRE PERSONAL | |
| Nombre personal | Castaño Uribe, Carlos. |
| 9 (RLIN) | 92213 |
| 245 10 - MENCION DE TITULO | |
| Título | Rio grande de la Magdalena : |
| Parte restante del título | Colombia / |
| Mención de responsabilidad | Textos y dirección científica Carlos Castaño Uribe ; fotografía Stephan Riedel, Freddy Gómez y Santiago Montes Veira. |
| 250 ## - MENCION DE EDICION | |
| Mención de edición | Dirección editorial Santiago Montes Veira. |
| 260 ## - PUBLICACION, DISTRIBUCION, ETC. (PIE DE IMPRENTA) | |
| Lugar de publicación, distribución, etc. | Cali (Colombia): |
| Nombre del editor, distribuidor, etc. | Banco de Occidente, |
| Fecha de publicación, distribución, etc. | 2003. |
| 300 ## - DESCRIPCION FISICA | |
| Extensión | 182, [23] páginas : |
| Otros detalles físicos | ilustraciones y fografías a color, mapas ; |
| Dimensiones | 33 cm. |
| 500 ## - NOTA GENERAL | |
| Nota general | Incluye glosario. |
| 504 ## - NOTA DE BIBLIOGRAFIA, ETC. | |
| Nota de bibliografía | Incluye bibliografías. |
| 651 #4 - ASIENTO SECUNDARIO DE MATERIA - NOMBRE GEOGRAFICO | |
| Nombre geográfico | Magdalena (Río, Colombia) |
| 9 (RLIN) | 39351 |
| 651 #4 - ASIENTO SECUNDARIO DE MATERIA - NOMBRE GEOGRAFICO | |
| Nombre geográfico | Magdalena (Río, Colombia) |
| Subdivisión general | Historia. |
| 9 (RLIN) | 39352 |
| 651 #4 - ASIENTO SECUNDARIO DE MATERIA - NOMBRE GEOGRAFICO | |
| Nombre geográfico | Magdalena (Río, Colombia) |
| Subdivisión general | Descripciones y viajes. |
| 9 (RLIN) | 39353 |
| 700 1# - ASIENTO SECUNDARIO - NOMBRE PERSONAL | |
| Nombre personal | Gómez, Freddy, |
| Término de relación | fotógrafo |
| 9 (RLIN) | 39342 |
| 700 1# - ASIENTO SECUNDARIO - NOMBRE PERSONAL | |
| Nombre personal | Riedel, Stephan, |
| Término de relación | fotógrafo |
| 9 (RLIN) | 39343 |
| 700 1# - ASIENTO SECUNDARIO - NOMBRE PERSONAL | |
| Nombre personal | Montes Veira, Santiago, |
| Término de relación | fotógrafo, editor |
| 9 (RLIN) | 3665 |
| 740 02 - ASIENTO SECUNDARIO - TITULOS RELACIONADOS /ANALITICOS NO CONTROLADOS | |
| Título relacionado o analítico no controlado | Colombia. |
| 942 ## - ELEMENTOS ADICIONALES (KOHA) | |
| Sistema de clasificación | Dewey Decimal Classification |
| Tipo de ítem | Libro |
| Koha issues (borrowed), all copies | 1 |
| Withdrawn status | Lost status | Sistema de Clasificación | Damaged status | No para préstamo | Colección | Inventariado | Ubicación Permanente | Ubicación actual | Fecha de adquisición | Fuente de Valor | Valor | Total Checkouts | Número topográfico | Inventario / Código de Barras | Date last seen | Date checked out | Ejemplar | Price effective from | Forma de adquisición | Tipo de material |
|---|---|---|---|---|---|---|---|---|---|---|---|---|---|---|---|---|---|---|---|---|
| Dewey Decimal Classification | General | Inventariado 2017 | Bogotá | Bogotá | 01/07/2004 | Instituto | 30000.00 | 1 | LB-918.6 C17r | 016342 | 15/10/2015 | 15/10/2015 | Ej. 1 | 04/12/2012 | Libro |